|
|
|
|
| LEADER |
00972nam a2200217 i 4500 |
| 003 |
GR-PaULI |
| 005 |
20241220105140.0 |
| 008 |
221214s1994 gr aeopg ||| 000 0 gre d |
| 952 |
|
|
|0 0
|1 0
|2 ddc
|4 0
|6 949_512000000000000_ΚΑΙ
|7 1
|9 366622
|a LISP
|b LISP
|c DON
|d 2022-12-14
|e ΨΥΧ
|i 258769
|l 0
|o 949.512 ΚΑΙ
|p 025000295520
|r 2022-12-14 00:00:00
|t 1
|w 2022-12-14
|y BKN
|
| 999 |
|
|
|c 214223
|d 214223
|
| 040 |
|
|
|a GR-PaULI
|b gre
|c GR-PaULI
|e AACR2
|
| 082 |
0 |
4 |
|2 23
|a 949.512
|
| 100 |
1 |
|
|9 102940
|a Καιροφύλας, Γιάννης,
|d 1927-
|e συγγραφέας.
|
| 245 |
1 |
0 |
|a Εξομολογήσεις ενός Αθηναίου /
|c Γιάννη Καιροφύλα.
|
| 260 |
|
|
|a Αθήνα :
|b Φιλιππότη,
|c 1994.
|
| 300 |
|
|
|a 142 σ. :
|b εικ. ;
|c 21 εκ.
|
| 490 |
1 |
|
|a Μαρτυρίες:
|v 18.
|
| 650 |
|
0 |
|9 108460
|a Κοινωνία πολιτών
|z Ελλάδα
|
| 830 |
|
0 |
|a Μαρτυρίες (Φιλιππότης)
|v 18
|9 161401
|
| 942 |
|
|
|2 ddc
|c BK
|
| 998 |
|
|
|c Σαλαμούρα
|d 2022-12
|